000 00606nam a2200217 a 4500
999 _c7085
_d7085
001 7085
003 BD-JhCC
005 20180417184325.0
008 180204s1964 xxk j 000 0 eng d
035 _a(BD-JhCC)7085
040 _aBD-JhCC
_cUKM
_dBD-JhCC
041 _aeng
082 0 4 _a823.91
_aJ
_218
_bTUR 1964
100 1 _aTurner, Philip,
_d1925-2006.
245 1 0 _aColonel Sheperton's Clock /
_cPhilip Turner and illustrated by Philip Gough.
260 _bOxford University Press,
_c1964.
300 _a191 p. :
_bill. ;
_c23 cm.
650 _aAdventure Stories
942 _2ddc
_cBK